Bytový dom

Gespeichert in:
Bibliographische Detailangaben
1. Verfasser: Kanková, Eva (Verfasst von)
Weitere Verfasser: Maňková, Lucia (Betreuung Doktorarbeit)
Format: Manuskript Buch
Sprache:Slowakisch
Veröffentlicht: 2015
Schlagworte:
Online-Zugang:http://is.stuba.sk/zp/portal_zp.pl?podrobnosti=107870
https://opac.crzp.sk/?fn=detailBiblioForm&sid=FF44C990A7CA883E4D8C58929FD7
Tags: Tag hinzufügen
Keine Tags, Fügen Sie das erste Tag hinzu!

MARC

LEADER 00000ntm a22000003a 4500
001 stuzp51778
003 SK-STU
005 20230811162935.2
007 ta
008 150427s2015----xo-----f-mn---000-0-slo-d
040 |a STU  |b slo 
041 0 |a slo 
100 1 |a Kanková, Eva  |u 010180  |4 aut  |U SvF Stavebná fakulta  |T SvF Katedra konštrukcií pozemných stavieb  |X 7712  |U V180  |Y 18  |7 7712 
242 0 1 |a Apartment building with polyfunction  |y eng 
245 1 0 |a Bytový dom 
260 |c 2015 
650 4 |a bytový dom  |2 slo 
650 4 |a technická správa  |2 slo 
650 4 |a polyfunkcia  |2 slo 
650 4 |a technical report  |2 eng 
650 4 |a polyfunction  |2 eng 
650 4 |a Apartment building  |2 eng 
700 1 |a Maňková, Lucia  |4 ths  |X 10111  |7 A000010111 
856 4 |u http://is.stuba.sk/zp/portal_zp.pl?podrobnosti=107870 
856 4 |u https://opac.crzp.sk/?fn=detailBiblioForm&sid=FF44C990A7CA883E4D8C58929FD7 
SQL |a stuzp51778  |b DBP  |c SLO  |d Bytový dom  |e 7712  |f Kanková, Eva  |g 010180  |h 10111  |i Maňková, Lucia  |j 20150623  |k 4  |l 01  |m http://is.stuba.sk/zp/portal_zp.pl?podrobnosti=107870  |n B-PSA  |o 5.1.4. pozemné stavby, 5.1.1. architektúra a urbanizmus